MARC

Tag First Indicator Second Indicator Subfields
LEADER 00000nam a22000007i 4500
001 in00004636113
006 m o d
007 cr cnu---unuuu
008 220701s2022 caua o 000 0 eng d
005 20230103223622.8
035 |a (OCoLC)on1334010291 
040 |a JSTOR  |b eng  |e rda  |e pn  |c JSTOR 
020 |a 9781685710255  |q (electronic bk.) 
020 |a 1685710255  |q (electronic bk.) 
020 |z 1685710247 
020 |z 9781685710248 
035 |a (OCoLC)1334010291 
037 |a 22573/ctv2cddbbf  |b JSTOR 
050 4 |a PS3569.E316  |b Z662 2022eb 
072 7 |a DES  |x 001000  |2 bisacsh 
072 7 |a SOC  |x 064000  |2 bisacsh 
082 0 4 |a 818/.5409  |2 22 
049 |a TXAM 
100 1 |a Edwards, Jason,  |d 1971-  |e author. 
245 1 0 |a Queer and bookish :  |b Eve Kosofsky Sedgwick as book artist /  |c Jason Edwards. 
264 1 |a [Goleta, Calif.] :  |b Punctum Books,  |c 2022. 
300 |a 1 online resource (432 pages) :  |b color illustrations. 
336 |a text  |b txt  |2 rdacontent 
337 |a computer  |b c  |2 rdamedia 
338 |a online resource  |b cr  |2 rdacarrier 
588 0 |a Print version record. 
600 1 0 |a Sedgwick, Eve Kosofsky  |x Criticism and interpretation. 
600 1 7 |a Sedgwick, Eve Kosofsky.  |2 fast  |0 (OCoLC)fst00049602 
650 0 |a Criticism. 
650 0 |a Homosexuality and literature  |x History  |y 20th century. 
650 0 |a Artists' books. 
650 7 |a Artists' books.  |2 fast  |0 (OCoLC)fst00817660 
650 7 |a Criticism.  |2 fast  |0 (OCoLC)fst00883735 
650 7 |a Homosexuality and literature.  |2 fast  |0 (OCoLC)fst00959818 
650 7 |a DESIGN / Book  |2 bisacsh 
655 7 |a Electronic books.  |2 local 
655 7 |a Criticism, interpretation, etc.  |2 fast  |0 (OCoLC)fst01411635 
655 7 |a History.  |2 fast  |0 (OCoLC)fst01411628 
710 2 |a JSTOR (Organization) 
776 0 8 |i Print version:  |a Edwards, Jason, 1971-  |t Queer and bookish.  |d [Goleta, Calif.] : Punctum Books, 2022  |z 1685710247  |w (OCoLC)1306172983 
856 4 0 |u https://www.jstor.org/stable/10.2307/j.ctv2ckjptc  |z Connect to the full text of this electronic book  |t 0 
955 |a JSTOR Open Access ebooks 
994 |a 92  |b TXA 
999 f f |s ff81dd52-2cec-40b8-a069-1d57827f1a76  |i 09f2bb0d-51a1-4e26-a4a6-845f322990b0  |t 0 
952 f f |a Texas A&M University  |b College Station  |c Electronic Resources  |d Available Online  |t 0  |e PS3569.E316 Z662 2022eb  |h Library of Congress classification 
998 f f |a PS3569.E316 Z662 2022eb  |t 0  |l Available Online